| 000 | 00471nam a2200193Ia 4500 | ||
|---|---|---|---|
| 008 | 170918s9999 xx 000 0 und d | ||
| 020 | _a9780531272053 | ||
| 050 | _bH567 2013 | ||
| 100 | _aHerrington, Lisa M. | ||
| 245 | _aMartin Luther King Jr. day / | ||
| 245 | _cby Lisa M. Herrington. | ||
| 260 | _aNew York : | ||
| 260 | _bScholastic, | ||
| 260 | _c2013 | ||
| 300 | _a32 pages : | ||
| 300 | _bcolored illustration ; | ||
| 300 | _c18cm. | ||
| 500 | _a660 | ||
| 999 |
_c342802 _d342802 |
||